El ser y la ficción: teorías e imágenes críticas de la literatura
Guardat en:
| Autor principal: | |
|---|---|
| Format: | Llibre |
| Idioma: | espanyol |
| Publicat: |
Barcelona
Anthropos
2004
|
| Edició: | 1a. ed |
| Col·lecció: | Autores, Textos y Temas. Literatura, 22
|
| Matèries: | |
| Etiquetes: |
Afegir etiqueta
Sense etiquetes, Sigues el primer a etiquetar aquest registre!
|
MARC
| LEADER | 00000nam a2200000 a 4500 | ||
|---|---|---|---|
| 001 | UCK6458 | ||
| 003 | CL-VaPUC | ||
| 008 | 050930e20040000SP |||||||||||||||||spa|d | ||
| 020 | |a 8476587163 | ||
| 082 | 0 | 4 | |a 809.04 |b BAE |2 21 |
| 100 | 0 | |a Baena, Enrique |e author |9 495779 | |
| 245 | 1 | 3 | |a El ser y la ficción: teorías e imágenes críticas de la literatura |
| 250 | |a 1a. ed | ||
| 300 | |a 286 p | ||
| 942 | |c BK | ||
| 945 | |d 20050930 00:00:00 |a jcarroza | ||
| 260 | |a Barcelona |b Anthropos |c 2004 | ||
| 650 | 7 | |a LITERATURA SIGLO 20 |2 CL-VaPUC |9 313706 | |
| 650 | 0 | |a Historia y crítica |9 257407 | |
| 650 | 7 | |a LITERATURA MODERNA |2 CL-VaPUC |9 266691 | |
| 583 | |a last modification |c 20160912 05:24:21 |k Rodrigo Vera | ||
| 490 | 0 | |a Autores, Textos y Temas. Literatura, 22 | |
| 999 | |c 314744 |d 314742 | ||
| 952 | |0 0 |1 0 |4 0 |6 809_040000000000000_BAE_2004 |7 0 |8 A |9 387457 |a BIBEDU |b BIBEDU |d 2019-11-22 |i 4151968 |l 1 |o 809.04 BAE 2004 |p 4151968 |r 2023-09-12 |s 2023-09-12 |w 2019-11-22 |y BK |k LIT | ||